000 00761cam a22002053a 4500
001 44408
003 PGUSA
005 20140828084020.0
008 131211s2013||||xxu|||||s|||||000 | eng d
040 _aPGUSA
_beng
042 _adc
100 1 _aJohnston, Arthur
245 1 0 _aNarrative of the Operations of a Detachment in an Expedition to Candy, in the Island of Ceylon, in the Year 1804 :
_bWith Some Observations on the Previous Campaign, and on the Nature of Candian Warfare, etc., etc., etc.
_h[electronic resource] /
_cArthur Johnston
260 _bProject Gutenberg,
_c2013
506 _aPublic domain in the USA.
516 _aElectronic text
830 0 _aProject Gutenberg
_v44408
856 4 0 _uhttp://www.gutenberg.org/ebooks/44408
942 _cEB
999 _c273659
_d273659